<?xml version="1.0" encoding="UTF-8"?>
<collection xmlns="http://www.loc.gov/MARC21/slim">
 <record>
  <leader>01740aam a22002418a 4500</leader>
  <controlfield tag="001">NCT_8290</controlfield>
  <controlfield tag="008">161017s2016                  ||||||viesd</controlfield>
  <datafield tag="999" ind1=" " ind2=" ">
   <subfield code="c">419</subfield>
   <subfield code="d">419</subfield>
  </datafield>
  <datafield tag="020" ind1=" " ind2=" ">
   <subfield code="a">9786046251873</subfield>
   <subfield code="c">120000</subfield>
  </datafield>
  <datafield tag="082" ind1="0" ind2="4">
   <subfield code="2">23rd ed.</subfield>
   <subfield code="a">428.1</subfield>
   <subfield code="b">H507</subfield>
  </datafield>
  <datafield tag="100" ind1="1" ind2=" ">
   <subfield code="a">Nguyễn Thị Thu Huế</subfield>
  </datafield>
  <datafield tag="245" ind1="1" ind2="0">
   <subfield code="a">Từ vựng tiếng Anh theo chủ điểm :</subfield>
   <subfield code="b">Chủ điểm từ vựng đa dạng, phong phú...</subfield>
   <subfield code="c">Nguyễn Thị Thu Huế</subfield>
  </datafield>
  <datafield tag="260" ind1=" " ind2=" ">
   <subfield code="a">H.</subfield>
   <subfield code="b">Đại học Quốc gia Hà Nội</subfield>
   <subfield code="c">2016</subfield>
  </datafield>
  <datafield tag="300" ind1=" " ind2=" ">
   <subfield code="a">495tr.</subfield>
   <subfield code="b">bảng</subfield>
   <subfield code="c">24cm</subfield>
   <subfield code="e">1CD</subfield>
  </datafield>
  <datafield tag="490" ind1="0" ind2=" ">
   <subfield code="a">Tủ sách Tiếng Anh giao tiếp</subfield>
  </datafield>
  <datafield tag="520" ind1="3" ind2=" ">
   <subfield code="a">Giới thiệu những từ vựng tiếng Anh theo nhiều chủ đề như: Gia đình, nhà trường, nghề nghiệp, thể thao, du lịch, tài chính ngân hàng...</subfield>
  </datafield>
  <datafield tag="942" ind1=" " ind2=" ">
   <subfield code="2">ddc</subfield>
   <subfield code="c">BK</subfield>
  </datafield>
  <datafield tag="952" ind1=" " ind2=" ">
   <subfield code="0">0</subfield>
   <subfield code="1">0</subfield>
   <subfield code="2">ddc</subfield>
   <subfield code="4">0</subfield>
   <subfield code="6">428_100000000000000_H507</subfield>
   <subfield code="7">0</subfield>
   <subfield code="9">2301</subfield>
   <subfield code="a">000001</subfield>
   <subfield code="b">000001</subfield>
   <subfield code="d">2017-10-26</subfield>
   <subfield code="l">12</subfield>
   <subfield code="m">3</subfield>
   <subfield code="o">428.1 H507</subfield>
   <subfield code="p">MD.08990</subfield>
   <subfield code="q">2022-02-26</subfield>
   <subfield code="r">2022-02-11</subfield>
   <subfield code="s">2022-02-11</subfield>
   <subfield code="v">120000.00</subfield>
   <subfield code="w">2017-10-26</subfield>
   <subfield code="y">BK</subfield>
  </datafield>
  <datafield tag="952" ind1=" " ind2=" ">
   <subfield code="0">0</subfield>
   <subfield code="1">0</subfield>
   <subfield code="2">ddc</subfield>
   <subfield code="4">0</subfield>
   <subfield code="6">428_100000000000000_H507</subfield>
   <subfield code="7">0</subfield>
   <subfield code="9">2302</subfield>
   <subfield code="a">000001</subfield>
   <subfield code="b">000001</subfield>
   <subfield code="d">2017-10-26</subfield>
   <subfield code="l">16</subfield>
   <subfield code="m">1</subfield>
   <subfield code="o">428.1 H507</subfield>
   <subfield code="p">MD.08991</subfield>
   <subfield code="r">2021-05-20</subfield>
   <subfield code="s">2021-05-07</subfield>
   <subfield code="v">120000.00</subfield>
   <subfield code="w">2017-10-26</subfield>
   <subfield code="y">BK</subfield>
  </datafield>
  <datafield tag="952" ind1=" " ind2=" ">
   <subfield code="0">0</subfield>
   <subfield code="1">0</subfield>
   <subfield code="2">ddc</subfield>
   <subfield code="4">0</subfield>
   <subfield code="6">428_100000000000000_H507</subfield>
   <subfield code="7">0</subfield>
   <subfield code="9">2303</subfield>
   <subfield code="a">000001</subfield>
   <subfield code="b">000001</subfield>
   <subfield code="d">2017-10-26</subfield>
   <subfield code="l">9</subfield>
   <subfield code="m">1</subfield>
   <subfield code="o">428.1 H507</subfield>
   <subfield code="p">MD.08992</subfield>
   <subfield code="r">2021-06-05</subfield>
   <subfield code="s">2021-05-06</subfield>
   <subfield code="v">120000.00</subfield>
   <subfield code="w">2017-10-26</subfield>
   <subfield code="y">BK</subfield>
  </datafield>
  <datafield tag="952" ind1=" " ind2=" ">
   <subfield code="0">0</subfield>
   <subfield code="1">0</subfield>
   <subfield code="2">ddc</subfield>
   <subfield code="4">0</subfield>
   <subfield code="6">428_100000000000000_H507</subfield>
   <subfield code="7">0</subfield>
   <subfield code="9">2304</subfield>
   <subfield code="a">000001</subfield>
   <subfield code="b">000001</subfield>
   <subfield code="d">2017-10-26</subfield>
   <subfield code="l">12</subfield>
   <subfield code="m">1</subfield>
   <subfield code="o">428.1 H507</subfield>
   <subfield code="p">MD.08993</subfield>
   <subfield code="r">2021-05-11</subfield>
   <subfield code="s">2021-04-27</subfield>
   <subfield code="v">120000.00</subfield>
   <subfield code="w">2017-10-26</subfield>
   <subfield code="y">BK</subfield>
  </datafield>
  <datafield tag="952" ind1=" " ind2=" ">
   <subfield code="0">0</subfield>
   <subfield code="1">0</subfield>
   <subfield code="2">ddc</subfield>
   <subfield code="4">0</subfield>
   <subfield code="6">428_100000000000000_H507</subfield>
   <subfield code="7">0</subfield>
   <subfield code="9">2305</subfield>
   <subfield code="a">000001</subfield>
   <subfield code="b">000001</subfield>
   <subfield code="d">2017-10-26</subfield>
   <subfield code="o">428.1 H507</subfield>
   <subfield code="p">MD.08994</subfield>
   <subfield code="r">2017-10-26</subfield>
   <subfield code="v">120000.00</subfield>
   <subfield code="w">2017-10-26</subfield>
   <subfield code="y">BK</subfield>
  </datafield>
  <datafield tag="980" ind1=" " ind2=" ">
   <subfield code="a">Thư viện Trường Đại học Nam Cần Thơ</subfield>
  </datafield>
 </record>
</collection>
